Электромагнит с форсировкой

Bibliographic Details
Corporate Author: Томский инженерно-строительный институт (ТИСИ)
Other Authors: Баранов П. Р. Павел Рудольфович, Гринберг В. С. Владимир Самуйлович, Гусельников Э. М. Эдуард Митрофанович, Собко Э. Г. Эдуард Игнатьевич
Summary:опубл. 07.11.89
Изобретение относится к электроаппаратостроению и может быть использовано в электромагнитных приводах, питаемых от сети переменного тока по схеме однополупериодного выпрямителя, например в силовых электромагнитах, контакторах и т.п.
Language:Russian
Published:
Subjects:
Online Access:http://www1.fips.ru/fips_servl/fips_servlet?DB=RUPAT&rn=1794&DocNumber=1520602&TypeFile=html
Format: MixedMaterials Electronic Book
KOHA link:https://koha.lib.tpu.ru/cgi-bin/koha/opac-detail.pl?biblionumber=649766

MARC

LEADER 00000nlm0a2200000 4500
001 649766
005 20231214111857.0
029 1 0 |a RU  |b 1520602  |c А. С.  |d МПК H 01 F 7/18 
035 |a (RuTPU)RU\TPU\network\14928 
035 |a RU\TPU\network\14927 
039 0 |a RU  |b 4246365  |c 19870515 
090 |a 649766 
100 |a 20160809j19891107k y0rusy50 ca 
101 0 |a rus 
102 |a RU 
105 |a a k 000zy 
135 |a drgn ---uucaa 
181 0 |a i  
182 0 |a b 
200 1 |a Электромагнит с форсировкой  |f П. Р. Баранов [и др.]  |g Томский инженерно-строительный институт (ТИСИ) 
203 |a Текст  |c электронный 
300 |a опубл. 07.11.89 
330 |a Изобретение относится к электроаппаратостроению и может быть использовано в электромагнитных приводах, питаемых от сети переменного тока по схеме однополупериодного выпрямителя, например в силовых электромагнитах, контакторах и т.п. 
610 1 |a труды учёных ТПУ 
610 1 |a электронный ресурс 
610 1 |a изобретения 
610 1 |a авторские свидетельства 
610 1 |a электромагниты 
610 1 |a электроаппаратостроение 
610 1 |a электромагнитные приводы 
610 1 |a выпрямители 
610 1 |a электромагниты 
610 1 |a контакторы 
701 1 |a Баранов  |b П. Р.  |c специалист в области электротехники  |c доцент Томского политехнического университета, кандидат технических наук   |f 1954-  |g Павел Рудольфович  |3 (RuTPU)RU\TPU\pers\28344  |9 13253 
701 1 |a Гринберг  |b В. С.  |g Владимир Самуйлович 
701 1 |a Гусельников  |b Э. М.  |g Эдуард Митрофанович 
701 1 |a Собко  |b Э. Г.  |g Эдуард Игнатьевич 
712 0 2 |a Томский инженерно-строительный институт (ТИСИ)  |c (1953-1993)  |3 (RuTPU)RU\TPU\col\7823 
801 1 |a RU  |b 63413507  |c 20120201 
801 2 |a RU  |b 63413507  |c 20160809  |g RCR 
856 4 |u http://www1.fips.ru/fips_servl/fips_servlet?DB=RUPAT&rn=1794&DocNumber=1520602&TypeFile=html 
942 |c CF